Fundamentals of ship acoustics : (Record no. 60849)
[ view plain ]
| 000 -LEADER | |
|---|---|
| fixed length control field | 00716nam a22001817a 4500 |
| 003 - CONTROL NUMBER IDENTIFIER | |
| control field | NUST-PNEC |
| 005 - DATE AND TIME OF LATEST TRANSACTION | |
| control field | 20170116180709.0 |
| 008 - FIXED-LENGTH DATA ELEMENTS--GENERAL INFORMATION | |
| fixed length control field | 141001b xxu||||| |||| 00| 0 eng d |
| 040 ## - CATALOGING SOURCE | |
| Transcribing agency | PNEC |
| 082 ## - DEWEY DECIMAL CLASSIFICATION NUMBER | |
| Classification number | 620.22 LOE |
| 100 ## - MAIN ENTRY--PERSONAL NAME | |
| 9 (RLIN) | 459 |
| Personal name | Loeser, Harrison T. |
| 245 ## - TITLE STATEMENT | |
| Title | Fundamentals of ship acoustics : |
| Remainder of title | acoustical phenomena in and around ship hulls |
| Statement of responsibility, etc. | Harrison T. Loeser |
| 260 ## - PUBLICATION, DISTRIBUTION, ETC. | |
| Place of publication, distribution, etc. | Jersey City : |
| Name of publisher, distributor, etc. | Society of Naval Architects and Marine Engineers, |
| Date of publication, distribution, etc. | ©1999. |
| 300 ## - PHYSICAL DESCRIPTION | |
| Extent | x, 165 p. : |
| Other physical details | ill. ; |
| Dimensions | 28 cm. |
| 500 ## - GENERAL NOTE | |
| General note | http://www.worldcat.org/title/fundamentals-of-ship-acoustics-acoustical-phenomena-in-and-around-ship-hulls/oclc/50546914&referer=brief_results |
| 650 ## - SUBJECT ADDED ENTRY--TOPICAL TERM | |
| General subdivision | ME, MIS, Shipping |
| 942 ## - ADDED ENTRY ELEMENTS (KOHA) | |
| Source of classification or shelving scheme | |
| Koha item type | Book |
| Withdrawn status | Lost status | Source of classification or shelving scheme | Damaged status | Not for loan | Permanent Location | Current Location | Shelving location | Date acquired | Source of acquisition | Cost, normal purchase price | Total Checkouts | Full call number | Barcode | Date last seen | Cost, replacement price | Price effective from | Koha item type |
|---|---|---|---|---|---|---|---|---|---|---|---|---|---|---|---|---|---|
| Pakistan Navy Engineering College (PNEC) | Pakistan Navy Engineering College (PNEC) | Reference | 01/22/2013 | Progressive International | 5627.50 | 620.22 LOE | PNECLIB-031159 | 10/01/2014 | 5627.50 | 01/22/2013 | Book |
